00613 2200193 4500001002100000005001500021035002000036245009800056100002100154250002000175300005700195856004400252700001600296260003600312082000800348084001400356020001800370650003100388INLIS00000000113744420220118031804 a0010-01220025521 aThe New Menopause Book :bIhwal yang perlu anda ketahui tentang Menopause /cMary Tagliaferri0 aMary Tagliaferri aCetakan Pertama a289 halaman :bIlustrasi ;c23 x 16 cmeBahan Kertas aKoleksi Perpustakaan Umum Kota Makassar0 aIsaac Cohen bINDEKS kelompok GRAMEDIA,c2006 a640 a640 MAR t a979-683-803-6 4aKesejahteraan Rumah Tangga